12 kuukautta 15 sekunnissa - Statistics

Yleistilastot
  • Tätä visaa on pelattu 272 kertaa
  • Keskiarvotulos 7 / 12
Vastaustilastot
Kuukausi % Oikein
Tammikuu
99%
Helmikuu
96%
Maaliskuu
91%
Huhtikuu
80%
Kesäkuu
66%
Toukokuu
65%
Heinäkuu
40%
Elokuu
35%
Syyskuu
26%
Joulukuu
19%
Marraskuu
18%
Lokakuu
16%
Ehtoja vastaavia visoja ei löytynyt
Tulosjakauma
Jokaisen tuloksen saaneiden osuus
Persentiili vastausten määrän mukaan
Tuloshistoriasi
Et ole pelannut tätä visaa